| 000 | 01029nam a22003137a 4500 | ||
|---|---|---|---|
| 003 | CHAP | ||
| 005 | 20220817041426.0 | ||
| 008 | 971013s1968 r 00010 d | ||
| 010 | _a14116 | ||
| 011 | _a15088 | ||
| 035 | _a19162 | ||
| 040 | _cCHAP | ||
| 082 |
_a338.10972 _bB45 |
||
| 100 | 0 | 0 |
_aBeltrán S., Luis Ramiro. _911470 |
| 245 | _aPrograma campesino de productividad en México ; proyecto | ||
| 260 |
_aMéxico, D. F. : _bBanco Interamericano de Desarrollo, _c1968 |
||
| 300 | _apág.varía | ||
| 590 |
_aBATCH-UPD _b10 _c20130110 _lUCH01 _h1133 |
||
| 590 |
_aBATCH-UPD _b10 _c20130410 _lUCH01 _h0721 |
||
| 590 |
_aBATCH-UPD _b10 _c20130914 _lUCH01 _h0826 |
||
| 590 |
_aCONVERSION _b10 _c20130109 _lUCH01 _h1309 |
||
| 650 | 1 | 4 |
_aCampesinado _zMéxico. |
| 650 | 1 | 4 |
_aMéxico _xCondiciones rurales. |
| 650 | 1 | 4 |
_aProductividad. _991868 |
| 710 | 0 |
_aCentro Nacional de Productividad de México, A.C. _921247 |
|
| 901 | _aBK | ||
| 942 | _cLIBRO | ||
| 949 |
_a338.10972 B45 _bBC _cLIBRO _d33724000831442 _eLIBRO _h14121 _i19162 _si |
||
| 999 |
_c14116 _d14116 |
||